Statistics for Games: Valve

Click here to take the quiz!

General Stats

  • This quiz has been taken 2,806 times
    (150 since last reset)
  • The average score is 17 of 27

Answer Stats

Hint Answer % Correct
1998Half Life
98%
2004Half Life: Source
98%
2005Half Life Deathmatch: Source
98%
1999Team Fortress Classic
87%
2012Counter Strike: Global Offensive
85%
2007Portal
85%
2005Half Life 2: Lost Coast
85%
2004Half Life 2
85%
2004Counter-Strike: Source
85%
2004Half Life 2: Deathmatch
85%
2000Counter-Strike
85%
2004Counter-Strike: Condition Zero
85%
2011Portal 2
82%
2007Team Fortress 2
81%
2008Left 4 Dead
59%
TBADota 2
57%
2009Left 4 Dead 2
56%
2007Half Life 2: Episode Two
36%
2006Half Life 2: Episode One
35%
2000Ricochet
31%
2005Day of Defeat: Source
29%
2003Day of Defeat
29%
2004Garry's Mod
29%
2001Half Life: Blue Shift
27%
1999Half Life: Opposing Force
20%
2000Deathmatch Classic
9%
2010Alien Swarm
6%

Score Distribution

Percentile by Number Answered

Percent of People with Each Score

Your Score History

You have not taken this quiz since the last reset